000 00686nam a2200241Ia 4500
003 OSt
005 20221005115104.0
006 a|||||r|||| 00| 0
007 ta
008 221004b |||||||| |||| 00| 0 eng d
024 _a58662
037 _cTextual
040 _aCRL
_cCRL
_beng
041 _2eng
_aeng
082 _aU8:2:J3, A
100 _aBarbosa Duarte
245 0 _aBook
_b An account of the countries on the Indian Ocean and their inhabitants ed by Mansel Longworth Dames. Vol 1
260 _c1800
490 _aHakluyt Society second series,44.
650 _aGEOGRAPHY
942 _hU8:2:J3, A
_cTEXL
_2cc
999 _c1033388
_d1033388